Widok standardowy
Widok MARC
Pozycja Personal Name
Liczba rekordów, w których użyto hasła: 1
001 - Numer kontrolny
- control field: 39204
003 - Identyfikator numeru kontrolnego
- control field: NUKAT
005 - Data i czas ostatniej modyfikacji
- control field: 20260330130337.0
008 - Dane kontrolne kodowane (40 znaków)
- fixed length control field: 170421n||a|znnaabn |a aaa |c
010 ## - Numer kontrolny Biblioteki Kongresu
- numer kontrolny LC: n 2017079928
040 ## - Instytucja sporządzająca rekord
- inst. przygot. dane do rek. khw: WR O/KS
- język haseł przedmiotowych/tezaurus: kaba
- inst. wprow. rek. khw: WR O/KS
100 1# - Hasło - nazwa osobowa
- nazwa osobowa w formie ujednoliconej: Pastuszczak, Tadeusz
- daty biograficzne: (1932-2016).
670 ## - Źródło informacji
- źródło informacji: Kp. Przyczynki do historii olsztyńskiej weterynarii / Tadeusz Pastuszczak, Marta Pastuszczak-Frąk. - Olsztyn, 2017.
- gdzie znaleziono informację: Biogram
675 ## - Źródło nie podające informacji
- wskazanie źródła: BNPol online, 24.04.2017